Normal view
MARC view
- Fred Cooper, Ina Sarcevi, Chung I Tan, Geoffrey West
Entry Personal Name
001 - CONTROL NUMBER
- control field: 20590
003 - CONTROL NUMBER IDENTIFIER
- control field: NUST
005 - DATE AND TIME OF LATEST TRANSACTION
- control field: 20190913055400.0
008 - FIXED-LENGTH DATA ELEMENTS
- fixed length control field: 190913|| aca||aabn | a|a d
040 ## - CATALOGING SOURCE
- Original cataloging agency: NUST
- Transcribing agency: NUST
100 ## - HEADING--PERSONAL NAME
- Personal name: Fred Cooper, Ina Sarcevi, Chung I Tan, Geoffrey West
670 ## - SOURCE DATA FOUND
- Source citation: Work cat.: (NUST): Fred Cooper, Ina Sarcevi, Chung I Tan, Geoffrey West , The State of Physics at the And of the 20th Century in Honor of Peter Carruthers , 1999
